<?xml version="1.0" encoding="UTF-8"?>
<record
    xmlns:xsi="http://www.w3.org/2001/XMLSchema-instance"
    xsi:schemaLocation="http://www.loc.gov/MARC21/slim http://www.loc.gov/standards/marcxml/schema/MARC21slim.xsd"
    xmlns="http://www.loc.gov/MARC21/slim">

  <leader>00456nam a2200145Ia 4500</leader>
  <controlfield tag="008">120629s9999    xx            000 0 und d</controlfield>
  <datafield tag="020" ind1=" " ind2=" ">
    <subfield code="a">970-633-259-6</subfield>
  </datafield>
  <datafield tag="082" ind1=" " ind2=" ">
    <subfield code="a">370.7 P153c</subfield>
  </datafield>
  <datafield tag="100" ind1=" " ind2=" ">
    <subfield code="a">Palacios, Jes&#xFA;s</subfield>
  </datafield>
  <datafield tag="245" ind1=" " ind2=" ">
    <subfield code="a">La cuesti&#xF3;n escolar: cr&#xED;ticas y alternativas / Jes&#xFA;s Palacios</subfield>
  </datafield>
  <datafield tag="260" ind1=" " ind2=" ">
    <subfield code="a">M&#xE9;xico: Coyoac&#xE1;n</subfield>
  </datafield>
  <datafield tag="300" ind1=" " ind2=" ">
    <subfield code="a">659 p</subfield>
  </datafield>
  <datafield tag="500" ind1=" " ind2=" ">
    <subfield code="a">Bibliograf&#xED;a e &#xED;ndice</subfield>
  </datafield>
  <datafield tag="650" ind1=" " ind2=" ">
    <subfield code="a">1. EDUCACION-INVESTIGACION \ 2. EDUCACION-HISTORIA Y CRITICA&#xCC;</subfield>
  </datafield>
  <datafield tag="952" ind1=" " ind2=" ">
    <subfield code="0">0</subfield>
    <subfield code="1">0</subfield>
    <subfield code="4">0</subfield>
    <subfield code="7">0</subfield>
    <subfield code="a">15</subfield>
    <subfield code="b">15</subfield>
    <subfield code="d">2006-06-14</subfield>
    <subfield code="l">1</subfield>
    <subfield code="o">370.7 P153C</subfield>
    <subfield code="p">15 000016</subfield>
    <subfield code="r">2018-06-01</subfield>
    <subfield code="s">2018-06-01</subfield>
    <subfield code="t">1</subfield>
    <subfield code="w">2012-06-28</subfield>
    <subfield code="y">LB</subfield>
  </datafield>
  <datafield tag="952" ind1=" " ind2=" ">
    <subfield code="0">0</subfield>
    <subfield code="1">0</subfield>
    <subfield code="2">lcc</subfield>
    <subfield code="4">0</subfield>
    <subfield code="7">0</subfield>
    <subfield code="a">15</subfield>
    <subfield code="b">15</subfield>
    <subfield code="d">2012-10-17</subfield>
    <subfield code="l">1</subfield>
    <subfield code="o">370.7 P153c 2002</subfield>
    <subfield code="p">15 005407</subfield>
    <subfield code="r">2018-06-08</subfield>
    <subfield code="s">2018-06-04</subfield>
    <subfield code="t">2</subfield>
    <subfield code="w">2014-11-08</subfield>
    <subfield code="y">LB</subfield>
  </datafield>
  <datafield tag="999" ind1=" " ind2=" ">
    <subfield code="c">74854</subfield>
    <subfield code="d">74854</subfield>
  </datafield>
</record>
